000 00609nam a2200229Ia 4500
003 OSt
005 20220928104328.0
006 a|||||r|||| 00| 0
007 ta
008 220927b |||||||| |||| 00| 0 eng d
024 _a61133
037 _cTextual
040 _aSDCL
_cSDCL
_beng
041 _2eng
_aeng
082 _aP15,10A3:28x1,1, 152K3
100 _aYask
_9410035
245 0 _aNirukta panchadyayayi
260 _aDelhi
_bMeharchandra Lachhamandass
_c1963
300 _a278p.
_ccm.
942 _hP15,10A3:28x1,1, 152K3
_cTEXL
_2CC
999 _c725613
_d725613